Á lódáil...

Draught animal power for production

Sonraí Bibleagrafaíochta
Príomhúdar: J W Copland
Formáid: Printed Book
Teanga:Undetermined
Foilsithe: Australian centere for intemational agicuture research 1985
Canderra
Ábhair:
LPM
LEADER 00653nam a2200229Ia 4500
008 141122s9999 xx 000 0 und d
020 |a 094951117x 
040 |c . 
041 |a English 
082 |a 636.083 
082 |b COP/DR 
100 |a J W Copland 
245 |a Draught animal power for production 
245 |c J W Copland 
260 |b Australian centere for intemational agicuture research 
260 |b Canderra 
260 |c 1985 
300 |a 170 Pages 
650 |a LPM 
942 |c BK 
999 |c 2157  |d 2157 
952 |0 0  |1 0  |4 1  |6 636_083000000000000_COPDR  |7 0  |9 2134  |a COVAS  |b COVAS  |d 0000-00-00  |o 636.083 COP/DR  |p 17268  |r 2014-11-26  |w 2014-11-26  |y BK